000 00411nam a22001697a 4500
003 MPLRDC
005 20220104144357.0
008 210129b ||||| |||| 00| 0 eng d
082 _a411.12 HYL
100 _a侯英林编著
245 _a气功的奥秘和修练
_c
250 _a初版
260 _a
_b艺美图书公司
_c1981
300 _b
650 _a呼吸法--气功
942 _cBK
_o411.12 HYL
999 _c49029
_d49019